000 00906nam a22003137a 4500
001 BR0707350
003 BR-BrBNA
005 20230928102558.0
007 ta
008 230509b bl.||||| |||| 00| 0 por d
040 _aBR-BrBNA
_bpor
_cBiblioteca Nacional de Agricultura
041 _a(Por)
072 _aH50
_b1540
090 _ 1540 BR0707350
100 1 _aHoweler, R.
100 1 _aPiedrahíta, C.L. de
100 1 _aSilva, J.R. da
110 1 _aEmpresa Brasileira de Assistência Técnica e Extensão Rural, Brasília, DF (Brasil)
245 1 _aDistúrbios nutricionais da planta de mandioca
260 3 _aBrasília, DF (Brasil):
_c1985.
300 _a47 p.
500 _a16 illus.; Summary (Por); 7 ref.
650 _aMANDIOCA
650 _aDISTÚRBIO NUTRICIONAL
650 _aDEFICIÊNCIA MINERAL
650 _aSINTOMA
909 _a202309
_bLucia
_c55
_dLucia Elande
942 _cBK
999 _c71498
_d71498